La Grecia clásica: escultura del Partenón

שמור ב:
מידע ביבליוגרפי
מחבר ראשי: Yalouris, Nikolas (Author)
פורמט: ספר
שפה:ספרדית
יצא לאור: Barcelona Noguer 1960
נושאים:
תגים: הוספת תג
אין תגיות, היה/י הראשונ/ה לתייג את הרשומה!

MARC

LEADER 00000nam a2200000 a 4500
001 UCV9811
003 CL-VaPUC
008 930518e19600000SP |||||||||||||||||spa|d
082 0 4 |a 733.3  |b YAL  |2 21 
100 0 |a Yalouris, Nikolas  |e author  |9 303818 
245 1 3 |a La Grecia clásica: escultura del Partenón 
300 |a 32 p 
942 |c BK 
945 |d 19930518 00:00:00 
260 |a Barcelona  |b Noguer  |c 1960 
650 7 |a ESCULTURA GRIEGA  |2 CL-VaPUC  |9 268749 
583 |a last modification  |c 19930518 00:00:00  |k Rodrigo Vera 
999 |c 215097  |d 215095 
952 |0 0  |1 0  |4 0  |6 733_300000000000000_YAL_1960  |7 0  |8 F  |9 199070  |a BIBARQ  |b BIBARQ  |d 2019-11-14  |i 2663953  |l 1  |o 733.3 YAL 1960  |p 2663953  |r 2025-01-20  |s 2022-09-23  |w 2019-11-14  |y BK_F  |k ARQ